00289 a2200133 450000100060000002000060000604000240001210000420003624000260007824500210010430000060012536200090013165000150014047826 a  cAnchieta - Aquarius aNarimatsu, Aura Celeste Gomes Ribeiro10aJonas e a baleialpor10aJonas e a baleia a 0 a1995 4aReligiàƒo